INTRODUCING PSYCHOPATHOLOGY (Record no. 15045)

MARC details
000 -LEADER
fixed length control field 00255nam a22001217a 4500
003 - CONTROL NUMBER IDENTIFIER
control field SGT
082 ## - DEWEY DECIMAL CLASSIFICATION NUMBER
Classification number 157.9
Item number I14R
100 ## - MAIN ENTRY--PERSONAL NAME
Personal name RODD, BETTY
245 ## - TITLE STATEMENT
Title INTRODUCING PSYCHOPATHOLOGY
260 ## - PUBLICATION, DISTRIBUTION, ETC. (IMPRINT)
Place of publication, distribution, etc ANGELES
Name of publisher, distributor, etc SAGE
Year of Publication 2014
300 ## - PAGE DESCRIPTION
No. of Pages 190
942 ## - ADDED ENTRY ELEMENTS (KOHA)
Source of classification or shelving scheme Dewey Decimal Classification
Koha item type Books
Holdings
Withdrawn status Lost status Source of classification or shelving scheme Damaged status Not for loan Collection code Home library Current library Shelving location Date acquired SGTU Full call number Accession No. (Barcode) Date last seen Bill Date Koha item type
    Dewey Decimal Classification   Not For Loan MEDICAL SGT Medical Library SGT Medical Library Reference Book 05/02/2018 SGTU 157.9 I14R FM10342 05/02/2018 05/02/2018 Books